00964cam a22002657a 45000010005000000030006000050050017000110080041000280100017000690200030000860400023001160500014001390820008001531000025001612450083001862600031002693000048003004900038003485000056003865050007004425200153004495210027006025210018006296500051006475706FISKH20250115103745.0100408s2011 nyua j 000 1 eng  a 2010926431 a9780061885181 (pbk. bdg.) aDLCcDLCbengdDLC aPZ7.T2351 a4881 aTeitelbaum, Michael.10aSuperman versus Mongul /cby Michael Teitelbaum ; pictures by MADA Design Inc. aNew York :bHarper,c2011. a32 pages : bcolor illustrations ; c23 cm 0 aI can read! vReading with help 2 a"Superman created by Jerry Siegel and Joe Shuster." aG  aAlien super-villain Mongul is on a mission to take over planet Earth. Can Superman defeat this madman without destroying Metropolis in the process? 8 a380 bLexile estimate 8 aG bRaz-Plus  aSuperheroes vBeginning Reader xYoung Readers